000 00555nam a2200181Ia 4500
008 090124s9999 xx 000 0 und d
082 _b130363
100 _aकाळे व.पु. (वसंत पुरुषोत्तम)
245 _a वलय
250 _a6
260 _c1996
300 _a168
600 _aकाळे व.पु. (वसंत पुरुषोत्तम)
630 _a वलय
700 _aकाळे व.पु. (वसंत पुरुषोत्तम)
730 _a वलय
942 _cBOOK
999 _c176452
_d176452